| 000 | 00647nam a22002297a 4500 | ||
|---|---|---|---|
| 003 | OSt | ||
| 005 | 20210426094008.0 | ||
| 008 | 201229s2004 ||||| |||| 00| 0 eng d | ||
| 040 |
_aeng _beng _cDLC |
||
| 041 | _aeng | ||
| 080 |
_a61 _bN-25 |
||
| 100 |
_9639 _aNassar, N. Naiel |
||
| 245 |
_aParkland Pocket Guide to HIV Care _c/ by: AIDS Education and Training Center |
||
| 250 | _a3rd edition | ||
| 260 |
_aDallas, Texas _bAIDS Education and Training Center _c2004 |
||
| 300 | _a248 p. | ||
| 650 | 0 |
_969 _aMedicine |
|
| 653 | _aმედიცინა | ||
| 700 |
_9640 _aKeiser, Philip |
||
| 700 |
_9641 _aGregg, R. Clark |
||
| 942 |
_2udc _cBK _e3 |
||
| 999 |
_c857 _d857 |
||